Výročná správa o vedeckovýskumnej činnosti za rok 1991 a projekt hlavných tém na rok 1992

Guardado en:
Detalles Bibliográficos
Autor principal: Ondrčka, Pavol
Formato: Libro
Lenguaje:eslovaco
Publicado: Bratislava VÚNH EU 1992
Materias:
Etiquetas: Agregar Etiqueta
Sin Etiquetas, Sea el primero en etiquetar este registro!

MARC

LEADER 00000nam a2200000 4500
001 c002419
005 20221214090940.6
041 0 |a slo 
044 |a SK 
245 1 0 |a Výročná správa o vedeckovýskumnej činnosti za rok 1991 a projekt hlavných tém na rok 1992  |c Pavol Ondrčka 
264 1 |a Bratislava  |b VÚNH EU  |c 1992 
300 |a 22 s. 
610 2 0 |a práca vedeckovýskumná 
610 2 0 |a projekty 
100 1 |a Ondrčka, Pavol